000 01174nam a2200313 a 4500
001 000113020
003 CHAP
005 20220329144333.0
008 170316s2016 mx sm |||||||spa d
010 _a109481
011 _a110453
040 _cCHAP
090 _aTesis
100 1 _aRamos Mata, Victor Manuel
_9131759
245 1 0 _aDiagnostico de calidad del agua de la planta de tratamiento de la UACH
_h[En línea]
_cpor Victor Manuel Ramos Mata y Eddy Vázquez Alfaro.
260 _aChapingo, Méx. :
_bEl autor,
_c2016.
500 _aPara ver el contenido del material haga clic en la liga
502 _aTesis (Ing. en Recursos Naturales Renovables) -- UACH. Departamento de Suelos
590 _aE5765TAJ
_b05
_c20170316
_lUCH01
_h1128
590 _aE5765TAJ
_b05
_c20170316
_lUCH01
_h1129
650 1 4 _aAguas residuales
_xAnálisis
_92584
650 1 4 _aEvaluación biológica de la calidad del agua.
_9131682
650 1 4 _aPlantas para el tratamiento de agua
_xEvaluación.
_9131681
700 1 _aVázquez Alfaro, Eddy
_9131760
856 _aFinding aid
_uhttp://10.13.5.2/tesis/sist113020.pdf
_zTeclea aquí
901 _aBK
942 _cTESIS
942 _n0
999 _c109481
_d109481